000 00190nam a2200085Ia 4500
008 170617s9999 xx 000 0 und d
100 _aWatson
245 0 _aPharmceutical Analysis
260 _bElesvir Pub
260 _c2007
999 _c15377
_d15377